000 00727nam a2200265Ia 4500
001 Para_2523
003 CHAP
008 220125s[198 xx 000 0 und d
010 _a201038
040 _cCHAP
082 _aPA 633.11 C52
110 _aCiba-Geigy. Agricultural División
_923031
245 _aCiba-Geigy Agricultural Division wheat /
_c by Ciba-Geigy. Agricultural Division
260 _aBasilea, Suiza :
_b CIBA GEIGY
300 _a95 p.
440 _aTechnical monograph
_9111896
650 _aTrigo
_9114954
901 _aPA 633.11 C52
902 _aA
905 _a000000[1980] BASa 0000000000 00
910 _a[198
942 _cPARA
942 _cPARA
_d1
999 _c201038
_d201038